150 let udělení kutacího práva : 110 roků od založení šamotové továrny /

Hlavní autor: Krejčíř, Miloslav
Jazyk: Čeština
Vydáno: [Moravská Třebová] : P-D Refractories CZ, 2002
Témata:
Fyzický popis: 23 s., [8] s. barev. obr. příl. : il. (větš. barev.) ; 21 cm
Knihy
Uloženo v:
LEADER 01609nam a2200421 a 4500
001 000621013
003 CZ BrMZK
005 20090803124757.0
007 ta
008 020905s2002 xr e f cze d
040 |a BOA001  |b cze 
043 |a e-xr---  |b e-xr-jm  |2 czenas 
045 |a w5y0 
072 7 |a 666  |x Sklářství. Keramika. Cement  |2 Konspekt  |9 19 
080 |a 94(437.322)  |2 MRF 
080 |a 334.72  |2 MRF 
080 |a 553.611  |2 MRF 
080 |a 622.36  |2 MRF 
080 |a 666.324  |2 MRF 
080 |a 666.362  |2 MRF 
080 |a (036)  |2 MRF 
100 1 |a Krejčíř, Miloslav  |4 aut 
245 1 0 |a 150 let udělení kutacího práva :  |b 110 roků od založení šamotové továrny /  |c [text: Miloslav Krejčíř] 
246 3 3 |a 110 roků od založení šamotové továrny 
246 3 |a Stopadesát let udělení kutacího práva 
260 |a [Moravská Třebová] :  |b P-D Refractories CZ,  |c 2002 
300 |a 23 s., [8] s. barev. obr. příl. :  |b il. (větš. barev.) ;  |c 21 cm 
650 0 7 |a žárovzdorné jíly  |7 ph162647  |z Česko  |2 czenas 
650 0 7 |a výroba šamotu  |7 ph303431  |z Česko  |2 czenas 
650 0 7 |a firmy  |7 ph120256  |z Česko  |2 czenas 
650 0 7 |a ložiska jílu  |7 ph162645  |z Česko  |2 czenas 
650 0 7 |a těžba jílu  |7 ph162646  |z Česko  |2 czenas 
655 7 |a informační publikace  |7 fd132454  |2 czenas 
610 2 7 |a P-D Refractories CZ (firma)  |7 kn20021206002  |2 czenas 
651 7 |a Velké Opatovice (Česko)  |7 ge131265  |x dějiny  |2 czenas 
910 |a BOA001  |b 2-1106.726 
990 |a BK 
996 6 |b 2610169456  |c 2-1106.726  |l MZK  |r Sklad / do 1 hodiny  |n 6  |p p.v.  |w 000621013  |u 000010  |a 1  |e BOA001  |j MZK50  |s P